Una filosofía de la fotografía.
Zapisane w:
| 1. autor: | |
|---|---|
| Format: | Książka |
| Wydane: |
Madrid, España:
Síntesis,
D.L. 2001.
|
| Seria: | El Espíritu y la Letra ;
|
| Hasła przedmiotowe: | |
| Etykiety: |
Dodaj etykietę
Nie ma etykietki, Dołącz pierwszą etykiete!
|
MARC
| LEADER | 00000nam a22000007a 4500 | ||
|---|---|---|---|
| 003 | CL-VaPUC | ||
| 005 | 20250321101928.0 | ||
| 008 | 250121t2001 ||||| |||| 00| 0 spa d | ||
| 999 | |c 446705 |d 446703 | ||
| 020 | |a 84-7738-928-4 | ||
| 040 | |c Pontificia Universidad Católica de Valparaíso | ||
| 082 | 0 | 4 | |a 770.1 FLU 2001 |2 21 |
| 100 | |a Flusser, Vilém |e autor |9 547265 | ||
| 245 | 1 | 4 | |a Una filosofía de la fotografía. |
| 260 | |a Madrid, España: |b Síntesis, |c D.L. 2001. | ||
| 300 | |a 191 páginas. | ||
| 490 | 0 | |a El Espíritu y la Letra ; |n 5. | |
| 500 | |a c.1-c.2. Instituto Arcos 8-1-2025. | ||
| 583 | |a last modification |c 20120930 10:49:32 |k GC | ||
| 650 | 0 | |a Fotografía (Filosofía) |9 895177 | |
| 650 | 0 | |a Estética |9 264950 | |
| 942 | |c BK |2 ddc |n 0 | ||
| 952 | |0 0 |1 0 |2 ddc |4 0 |6 770_100000000000000_FLU_2001 |7 0 |8 A |9 599641 |a BIBINC |b BIBINC |d 2025-01-21 |e Instituto Arcos |i 5664622 |o 770.1 FLU 2001 |p 5664622 |r 2025-01-21 |t 1 |w 2025-01-21 |y BK |k IFP | ||
| 952 | |0 0 |1 0 |2 ddc |4 0 |6 770_100000000000000_FLU_2001 |7 0 |8 A |9 599642 |a BIBINC |b BIBINC |d 2025-01-21 |e Instituto Arcos |i 5664623 |o 770.1 FLU 2001 |p 5664623 |r 2025-01-21 |t 2 |w 2025-01-21 |y BK |k IFP | ||